MARGARET THATCHER THE AUTHORIZED BIOGRAP (Record no. 25858)
[ view plain ]
| 000 -LEADER | |
|---|---|
| fixed length control field | 00337nam a2200133Ia 4500 |
| 008 - FIXED-LENGTH DATA ELEMENTS--GENERAL INFORMATION | |
| fixed length control field | 240624s9999 xx 000 0 und d |
| 041 ## - LANGUAGE CODE | |
| Language code of text/sound track or separate title | eng |
| 082 ## - DEWEY DECIMAL CLASSIFICATION NUMBER | |
| Classification number | 920 MOO |
| 100 ## - MAIN ENTRY--PERSONAL NAME | |
| Personal name | MOORE CHARLES |
| 245 ## - TITLE STATEMENT | |
| Title | MARGARET THATCHER THE AUTHORIZED BIOGRAP |
| 260 ## - PUBLICATION, DISTRIBUTION, ETC. | |
| Date of publication, distribution, etc. | 2013 |
| Place of publication, distribution, etc. | New York |
| Name of publisher, distributor, etc. | Allen Lane |
| 300 ## - PHYSICAL DESCRIPTION | |
| Extent | 859 : p. : cm. ; 28 |
| 365 ## - TRADE PRICE | |
| Currency code | RS |
| Withdrawn status | Lost status | Damaged status | Not for loan | Home library | Current library | Shelving location | Date acquired | Cost, normal purchase price | Full call number | Barcode | Date last seen | Copy number | Price effective from | Koha item type |
|---|---|---|---|---|---|---|---|---|---|---|---|---|---|---|
| IMTN | IMTN | Rack 42-B | 11/30/2015 | 899.00 | 920 MOO | 25858 | 06/24/2024 | 1 | 06/24/2024 | Books |